नीकू कौआ की चालाकी ने दुष्ट चपलू नाग को एक सीख दी/ (Record no. 204882)

MARC details
000 -LEADER
fixed length control field 00891nam a22001937a 4500
005 - DATE AND TIME OF LATEST TRANSACTION
control field 20240806143254.0
010 ## - LCCN (DPL NO)
LC control number B-760169 CHHN
020 ## - INTERNATIONAL STANDARD BOOK NUMBER
International Standard Book Number 9788195299133
Terms of availability 300.00
035 ## - SYSTEM CONTROL NUMBER
System control number B-760169
037 ## - SOURCE OF ACQUISITION
Source of stock number/acquisition उपहार
082 ## - DEWEY DECIMAL CLASSIFICATION NUMBER
Classification number
100 ## - MAIN ENTRY--PERSONAL NAME
Personal name अशोक
245 ## - TITLE STATEMENT
Title नीकू कौआ की चालाकी ने दुष्ट चपलू नाग को एक सीख दी/
Statement of responsibility, etc अशोक
260 ## - PUBLICATION, DISTRIBUTION, ETC. (IMPRINT)
Place of publication, distribution, etc दिल्ली
Name of publisher, distributor, etc देशराज एण्ड सन्स
Date of publication, distribution, etc 2022
270 ## - ADDRESS
Address एन-67,तृतीय तल गली नं.-4,नवीन शाहदरा,
City दिल्ली
Postal code 110032
300 ## - PHYSICAL DESCRIPTION
Extent 60पृ.:
Other physical details सचित्र
Dimensions 24सेमी(सजिल्द)
942 ## - ADDED ENTRY ELEMENTS (KOHA)
Source of classification or shelving scheme Dewey Decimal Classification
Item type Children Books
Classification part
Call number suffix अशोक
Holdings
Withdrawn status Lost status Not for loan Collection code Home library Current library Date acquired Source of acquisition Cost, normal purchase price Full call number Barcode Copy number Cost, replacement price Koha item type Public note
      Fiction Kadipur Kadipur 06/08/2024 उपहार/06.08.2024 300.00 क अशोक B-760169 1 300.00 Children Books उपहार

© Delhi Public Library
Hit Counter
free hit counter